| 000 | 00661nam a2200145Ia 4500 | ||
|---|---|---|---|
| 008 | 100204s9999 xx 000 0 und d | ||
| 082 | _b6673 | ||
| 100 | _aशेणोलीकर हरि श्रीधर | ||
| 245 | _aप्राचीन मराठी वाड्.मयाचे स्वरुप | ||
| 260 |
_b"मोघे प्रकाशन , पुणे , कोल्हापूर" _c1971 4 |
||
| 300 | _a14+292 | ||
| 630 | _aप्राचीन मराठी वाड्.मयाचे स्वरुप | ||
| 730 | _aप्राचीन मराठी वाड्.मयाचे स्वरुप | ||
| 942 | _cBOOK | ||
| 999 |
_c451111 _d451108 |
||